| 000 | 00452nam a2200193Ia 4500 | ||
|---|---|---|---|
| 003 | OSt | ||
| 005 | 20220920161022.0 | ||
| 008 | 210210b1971 xxu||||| |||| 00| 0 eng d | ||
| 040 | _cAL | ||
| 041 | _aEnglish | ||
| 082 | _a512.02 FRAF | ||
| 100 |
_aFRALEIGH (John B). _958070 |
||
| 245 | _aFirst course in abstract algebra | ||
| 260 |
_aLondon _bA W P Co. _c1971 |
||
| 300 | _a447 | ||
| 690 |
_aAlgebra _958071 |
||
| 906 | _a032103 | ||
| 942 |
_2ddc _cBK |
||
| 999 |
_c83347 _d83347 |
||